| 000 | 00690nam a2200229Ia 4500 | ||
|---|---|---|---|
| 003 | OSt | ||
| 005 | 20240814152834.0 | ||
| 008 | 210324s9999||||xx |||||||||||||| ||und|| | ||
| 040 | _cSTCPL | ||
| 041 | _aMAL | ||
| 041 | _hMAL | ||
| 082 |
_aM07 _bTHO-M |
||
| 100 |
_aThomas, P.J _qപി.ജെ.തോമസ് |
||
| 245 | 0 |
_aMalayala sahityavum christianikalum / _cby P.J.Thomas _hമലയാള സാഹിത്യവും ക്രിസ്ത്യാനികളും |
|
| 260 |
_aKottayam : _bSahitya Pravarthaka Co-Operative Society , _c1935 . |
||
| 300 |
_a290 p. _bHB |
||
| 650 | _aMalayalam literature | ||
| 650 | _aStudy | ||
| 942 | _cBK | ||
| 942 | _2ddc | ||
| 942 | _2ddc | ||
| 999 |
_c7351 _d7351 |
||